000 00567cam a22002291 4500
001 sa 67005124
003 DLC
005 20260227112354.0
008 940928s1966 ii c 000 0 telo
010 _asa 67005124
025 _aPL480:I-Te-1340
035 _a(OCoLC)31194132
040 _aDLC
_cCU
_dCU
_dDLC
042 _apremarc
050 0 0 _aPL4780.9.S7555
_bA65
100 1 _aSubbārāvu, B. V. V. R.
245 1 0 _aAḍḍaṃtirigina katha.
260 _c[1966]
300 _a146 p.
_bport.
_c18 cm.
500 _aIn Telugu.
500 _aShort stories.
999 _c74986
_d74986